Регионална библиотека "Любен Каравелов" - Русе

История на немското училище в град Русе (Запис номер 498248)

MARC детайли
000 -Лидер
Контролно поле с фиксирана дължина 01301nam a2200373 c 4500
003 - Код на организацията, давaща контролен номер
Контролно поле BLK
005 - Дата и час на последна редакция
Контролно поле 20241104174213.0
008 - Елементи от данни с фиксирана дължина
fixed length control field 180409b bul|||||r ||||||| ||bul||
020 ## - Международен стандартен номер на книга ISBN
Международен стандартен номер на книга ISBN 9786197616378
040 ## - Източник на каталожния запис
Идентификатор на билиотеката - собственик на записа BLK
041 ## - Код за език
Код за езика на текст/звукозапис или на отделно заглавие Български
Код за езика КДБФ Български
080 ## - УДК
Текстов определител УДК Средни училища
УДК код - определител по УДК 373.5
УДК определител (497.215)(091)
УДК - код + определител 373.5(497.215)(091)
100 ## - Редна дума - Автор
Автор Чакъров, Николай Иванов
Авторска отговорност първи автор
R(LIN) 325753
Дати, свързани с автора 1970-
Автор - информация (биография) Историк
139 ## - Редно поле
Редна дума Чакъров, Николай Иванов
Авторски знак Чакъ - Ч 19
245 10 - Сведения за заглавието
Заглавие История на немското училище в град Русе
Редно поле (дума) Николай Чакъров
250 ## - Област на изданието
Сведения за изданието 2. доп. и прераб. изд.
257 ## - Страна на издаване
Страна на създаване/издаване България
260 ## - Област на издателските данни
Име на издателя, разпространителя и проч. Лени-Ан
Година на издаване 2023
Място на издаване, разпространение и проч. Русе
300 ## - Физическа характеристика
Страници 160 с.
Илюстрации и др. с ил., факс., табл.
Размери/Мащаб 20 см
380 ## - Жанр
Жанр Обществени науки
500 ## - Общи забележки
Забележка 1. изд. 2001.
650 #4 - Допълнително описание по предмет – тема
Основно описание – тема или топоним Средни училища - България - Русе
9 (RLIN) 279831
651 #4 - Допълнително описание по предмет - топоним
Географско понятие Русе
9 (RLIN) 179462
651 #4 - Допълнително описание по предмет - топоним
Географско понятие България
9 (RLIN) 241624
653 ## - Ключова дума – ненормативна
Ключова дума Дойче шуле
653 ## - Ключова дума – ненормативна
Ключова дума немски училища
653 ## - Ключова дума – ненормативна
Ключова дума история
653 ## - Ключова дума – ненормативна
Ключова дума Русе
653 ## - Ключова дума – ненормативна
Ключова дума средни училища
856 4# - Електронен адрес и достъп
Електронен формат pdf - файл
856 4# - Електронен адрес и достъп
Електронен формат pdf - файл
942 ## - АРТИКУЛИ
Вид на библиотечния материал Книги
Скрит в OPAC Не
Koha issues (borrowed), all copies 1
944 ## - СЪЗДАВАНЕ И РЕДАКЦИЯ на ЗАПИСА
Служител, извършил регистрацията/редакцията 30542
Статус, дата на статуса Русанова Ирена
999 ## - СИСТЕМНИ КОНТРОЛНИ НОМЕРА
Koha biblionumber 498248
Koha biblioitemnumber 498248
Наличности
Код за отписване Код за изгубен артикул Източник на класификационната схема Код за повреда Коз за рестрикции Код за отдаване Артикулен № Име на библиотеката - собственик Име на библиотеката, в която се намира в момента Статус (Текущо местоположение) Дата на вписване в системата Местоположение - отдел Цена в лева Инвентарен номер Систематично азбучна сигнатура Баркод Цена в евро Служебен тип на артикула
  Не е изгубен Universal Decimal Classification Не е повреден само за читалня ползва се в читалня 938120 Регионална библиотека "Любен Каравелов" Русе Регионална библиотека "Любен Каравелов" Русе Хранилище 2024-01-02 Основен фонд - ползва се само за читалня 10.00 120000897141 Цб 321026 120000897141 5.11 Книги
  Не е изгубен Universal Decimal Classification Не е повреден само за читалня ползва се в читалня 938257 Регионална библиотека "Любен Каравелов" Русе Регионална библиотека "Любен Каравелов" Русе Краезнание 2024-01-03 Краезнание 8.00 120000897351 К 373.5/Ч 19 Н 120000897351 4.09 Книги
  Не е изгубен Universal Decimal Classification Не е повреден   заемане за дома 938276 Регионална библиотека "Любен Каравелов" Русе Регионална библиотека "Любен Каравелов" Русе Заемна - подръчен фонд 2024-01-03 Заемна - подръчен фонд 4.00 120000897271 373.5/Ч 19 Н 120000897271 2.05 Книги
  Не е изгубен Universal Decimal Classification Не е повреден само за читалня ползва се в читалня 939569 Регионална библиотека "Любен Каравелов" Русе Регионална библиотека "Любен Каравелов" Русе Хранилище 2024-01-19 Хранилище 8.00 120000898600 Цб 321596 120000898600 4.09 Книги
Vip Innovations Ltd, Rousse, Bulgaria 2025